Statistics for British Royal Family Quiz : Pictures

Click here to take the quiz!

General Stats

  • This quiz has been taken 1,063 times
  • The average score is 14 of 16

Answer Stats

Answer% Correct
Elizabeth II
98%
Prince Charles
98%
Princess Diana
98%
Prince Phillip
97%
Prince William
97%
Prince Henry
96%
Camilla Parker-Bowles
95%
Prince Andrew
91%
Princess Anne
89%
The Queen Mother
84%
George VI
82%
Prince Edward
78%
Princess Margaret
75%
Princess Beatrice
71%
Sarah Ferguson
71%
Princess Eugenie
65%

Score Distribution

Percentile by Number Answered

Percent of People with Each Score

Your Score History

You have not taken this quiz